000 00519cam a2200205 4500
001 8423
005 20250620120452.0
008 160115s2006 enk b 001 0 eng
010 _a 2015509304
020 _a9780253219350
020 _a9780253219350
020 _a9780253219350
082 _a907.2
100 _aSherman,Daniel J.
245 0 4 _aMuseums and difference
250 _aSecond edition.
264 1 _aUSA.
_bIndiana University Press
_c 2008.
300 _aix, 379 pages ;
_c26 cm
942 _2ddc
_cMAIN
999 _c10413
_d10414